00806nam a2200193Ia 4500003000900000008004100009020001800050040001600068111008700084245018600171260004200357300001400399490005000413650002300463650002300486650004300509700002300552710003700575IN-BaIIA211028s9999 xx 000 0 eng d a90-277-0341-8 cIIA Library aInternational Astronomical Union Colloquiumn21thcToronto, Candad1972 Aug. 29-31 0aVariable stars in globular clusters and in related systemsbproceedings of the IAU colloquium no. 21, held in University of Toronto, Canda, August 29-31,1972cedited by J. D. Fernie aDordrechtbD. Reidel Publishingc1973 avi, 228p. aAstrophysics and space science library; v. 36 a Stars - variable a Variable stars  aAstronomy and astrophysics thesaurus  aFernie, J. D., ed. aInternational Astronomical Union